| 000 | 00533nam a22002051a 4500 | ||
|---|---|---|---|
| 001 | 1368 | ||
| 003 | OSt | ||
| 005 | 20260204211731.0 | ||
| 008 | 040119s1997||||sp ||||||b||||||||||spa|| | ||
| 020 | _a8434426080 | ||
| 050 | _a371.20092 T22s | ||
| 082 | _a371.20092 T22s | ||
| 100 | _aTeixidó Planas, Martí | ||
| 245 | _aSupervisión del sistema educativo / Martí Teixidó Planas | ||
| 264 | _aEspaña : Ariel | ||
| 300 | _a233 p. | ||
| 500 | _aIncluye indice. | ||
| 650 | _a1.Educación - AdministraciónÌ | ||
| 942 |
_2ddc _cBK |
||
| 999 |
_c1368 _d1368 |
||